Guide to the night sky (Record no. 39815)
[ view plain ]
| 000 -LEADER | |
|---|---|
| fixed length control field | 00564nam a22001937a 4500 |
| 003 - CONTROL NUMBER IDENTIFIER | |
| control field | SISC |
| 005 - DATE AND TIME OF LATEST TRANSACTION | |
| control field | 20160224132429.0 |
| 008 - FIXED-LENGTH DATA ELEMENTS--GENERAL INFORMATION | |
| fixed length control field | 140111b xxu||||| |||| 00| 0 eng d |
| 020 ## - INTERNATIONAL STANDARD BOOK NUMBER | |
| International Standard Book Number | 0540063150 |
| 050 ## - LIBRARY OF CONGRESS CALL NUMBER | |
| Classification number | QB 63 |
| Item number | .M821 1995 |
| 100 ## - MAIN ENTRY--PERSONAL NAME | |
| Personal name | Moore,Patrick |
| 9 (RLIN) | 30537 |
| 245 ## - TITLE STATEMENT | |
| Title | Guide to the night sky |
| Remainder of title | A guided tour of the stars and constellations |
| Statement of responsibility, etc | Patrick Moore |
| 260 ## - PUBLICATION, DISTRIBUTION, ETC. (IMPRINT) | |
| Place of publication, distribution, etc | Great Britain: |
| Name of publisher, distributor, etc | Phillips |
| Date of publication, distribution, etc | 1995 |
| 300 ## - PHYSICAL DESCRIPTION | |
| Extent | 47 p . |
| Other physical details | ill. col.; |
| Dimensions | 24 cm. |
| 500 ## - GENERAL NOTE | |
| General note | included bibliography and indexs |
| 651 ## - SUBJECT ADDED ENTRY--GEOGRAPHIC NAME | |
| Source of heading or term | astronomy |
| 942 ## - ADDED ENTRY ELEMENTS (KOHA) | |
| Source of classification or shelving scheme | Library of Congress Classification |
| Koha item type | Books |
| Withdrawn status | Lost status | Source of classification or shelving scheme | Damaged status | Home library | Current library | Shelving location | Date acquired | Total Checkouts | Full call number | Barcode | Date last seen | Copy number | Price effective from | Koha item type |
|---|---|---|---|---|---|---|---|---|---|---|---|---|---|---|
| Library of Congress Classification | Luxembourg Library | Luxembourg Library | High School Section | 01/11/2014 | QB 63 .M821 1995 | 4828 | 07/18/2019 | 1 | 01/11/2014 | Books |